Manuel Blanco Encalada: rasgos biográficos

Saved in:
Bibliografiske detaljer
Hovedforfatter: Valdés, Ambrosio (Author)
Format: Bog
Sprog:spansk
Udgivet: Santiago, Chile Victoria 1890
Fag:
Tags: Tilføj Tag
Ingen Tags, Vær først til at tagge denne postø!

MARC

LEADER 00000nam a2200000 a 4500
001 UCO0785
003 CL-VaPUC
005 20230817103314.0
008 000428e18900000CL |||||||||||||||||spa|d
999 |c 287432  |d 287430 
040 |c Pontificia Universidad Católica de Valparaíso 
082 0 4 |a 923.5 VAL 1890  |2 21 
100 0 |a Valdés, Ambrosio  |e author  |9 442305 
245 1 0 |a Manuel Blanco Encalada:  |b  rasgos biográficos 
260 |a Santiago, Chile  |b Victoria  |c 1890 
300 |a 45 páginas 
583 |a last modification  |c 20000428 00:00:00  |k Rodrigo Vera 
600 0 |a Blanco Encalada, Manuel  |9 442306 
650 0 |a Biografías  |z CHILE  |9 255210 
650 0 |a Almirantes  |z CHILE  |9 438214 
650 0 |a Historia de Chile  |9 265473 
852 |a BIBCUR 
942 |c BK  |2 ddc 
945 |d 20000428 00:00:00  |a rherrera 
952 |0 0  |1 0  |2 ddc  |4 0  |6 923_500000000000000_VAL_1890  |7 0  |8 X  |9 334286  |a BIBHIS  |b BIBHIS  |d 2019-11-20  |i 126625K  |o 923.5 VAL 1890  |p 126625K  |r 2024-01-30  |t 1  |w 2019-11-20  |y BK_X  |k HIS